000
00291nam a22001337a 4500
020
_a
978-9401163750
041
_a
ENG
100
_a
Dent,J,B
245
_a
Systems Simulation In Agriculture
260
_a
Delhi
_b
Applied
_c
1998
300
_a
180
650
_a
SWCE (06)
856
_u
SWCE (06)
999
_c
2908
_d
2908